Safe practices for life online : (Record no. 76887)
[ view plain ]
| 000 -LEADER | |
|---|---|
| fixed length control field | 00691nam a22002177a 4500 |
| 005 - DATE AND TIME OF LATEST TRANSACTION | |
| control field | 20131011161710.0 |
| 010 ## - LCCN (DPL NO) | |
| LC control number | ENG-107711 |
| 020 ## - INTERNATIONAL STANDARD BOOK NUMBER | |
| International Standard Book Number | 9789382601159 |
| Terms of availability | 395.00 |
| 035 ## - SYSTEM CONTROL NUMBER | |
| System control number | EN-91244 |
| 037 ## - SOURCE OF ACQUISITION | |
| Source of stock number/acquisition | DBAD/PUB |
| 082 ## - DEWEY DECIMAL CLASSIFICATION NUMBER | |
| Classification number | 004.6780835 |
| 100 ## - MAIN ENTRY--PERSONAL NAME | |
| Personal name | Fodeman, Doug |
| 245 ## - TITLE STATEMENT | |
| Title | Safe practices for life online : |
| Statement of responsibility, etc | by Doug Fodeman [and] Marje Monroe |
| Remainder of title | a guide for middle and high school / |
| 250 ## - EDITION STATEMENT | |
| Edition statement | 2nd ed |
| 260 ## - PUBLICATION, DISTRIBUTION, ETC. (IMPRINT) | |
| Place of publication, distribution, etc | Uttar Pradesh |
| Name of publisher, distributor, etc | eVookz |
| Date of publication, distribution, etc | 2010 |
| 270 ## - ADDRESS | |
| Address | 10,Parshawanath Edens,Sector,Alpha-11,Greater Noida |
| City | Uttar Pradesh |
| 300 ## - PHYSICAL DESCRIPTION | |
| Extent | xi,348p. |
| Dimensions | 23cm(pbk) |
| 500 ## - GENERAL NOTE | |
| General note | Includes index |
| 700 ## - ADDED ENTRY--PERSONAL NAME | |
| Personal name | Monroe, Marje |
| 942 ## - ADDED ENTRY ELEMENTS (KOHA) | |
| Source of classification or shelving scheme | Dewey Decimal Classification |
| Item type | English Books |
| Call number suffix | FOD |
| Classification part | 004.6780835 |
| Withdrawn status | Lost status | Not for loan | Collection code | Home library | Current library | Date acquired | Source of acquisition | Cost, normal purchase price | Full call number | Barcode | Copy number | Cost, replacement price | Koha item type |
|---|---|---|---|---|---|---|---|---|---|---|---|---|---|
| Not For Loan | Non-fiction | D.B.Act.Division | D.B.Act.Division | 24/06/2013 | DBAD/PUB | 395.00 | 004.6780835 FOD | EN-91244 | 1 | 395.00 | English Books |
